|
|
|
|
| LEADER |
01515cas a2200229 a 4500 |
| 001 |
AALejournalIMF009443 |
| 008 |
230101c9999 xx r poo 0 0eng d |
| 020 |
|
|
|z 9780939934911
|
| 040 |
|
|
|a BD-DhAAL
|c BD-DhAAL
|
| 100 |
1 |
|
|a Gandhi, Ved.
|
| 245 |
1 |
0 |
|a Supply-Side Tax Policy :
|b Its Relevance to Developing Countries /
|c Ved Gandhi, Liam Ebrill, Parthasarathi Shome, Luis Manas Anton.
|
| 264 |
|
1 |
|a Washington, D.C. :
|b International Monetary Fund,
|c 1987.
|
| 300 |
|
|
|a 1 online resource (403 pages)
|
| 500 |
|
|
|a <strong>Off-Campus Access:</strong> No User ID or Password Required
|
| 500 |
|
|
|a <strong>On-Campus Access:</strong> No User ID or Password Required
|
| 506 |
|
|
|a Electronic access restricted to authorized BRAC University faculty, staff and students
|
| 520 |
3 |
|
|a Written by Ved P. Gandhi, Liam P. Ebrill, George A. Mackenzie, Luis Manas-Anton, Jitendra R. Modi, Somchai Richupan, Fernando Sanchez-Ugarte, and Parthasarathi Shome, this book contains 12 articles. It examines the relevance to developing countries of the tax policy recommendations of supply-side economists and attempts to delineate policy guidelines to ensure that fiscal management enhances rather than inhibits growth and efficiency in the wider economy.
|
| 538 |
|
|
|a Mode of access: Internet
|
| 700 |
1 |
|
|a Ebrill, Liam.
|
| 700 |
1 |
|
|a Manas Anton, Luis.
|
| 700 |
1 |
|
|a Shome, Parthasarathi.
|
| 856 |
4 |
0 |
|z Full text available on IMF
|u http://elibrary.imf.org/view/books/071/06588-9780939934911-en/06588-9780939934911-en-book.xml
|z IMF e-Library
|